000 00341 a2200121 4500
001 ART_2365
005 20260410161725.0
008 260409a
245 1 0 _aLas reservas de caja
100 1 _aPascale, Ricardo
700 1 _aKhoury, Nabil
773 0 _tAdministración de empresas
_g- Año 7, Nº 82 (ene. 1977)
_wREV2036
999 _c17334
_d17334